[Event "4NCL Division 2d"]
[Site "Telford, ENG"]
[Date "2019.05.05"]
[Round "10.74"]
[White "Kay, Lee P"]
[Black "Taylor, William J"]
[Result "0-1"]
[WhiteElo "2087"]
[BlackElo "2059"]
[PlyCount "72"]
[EventDate "2019.05.05"]
[WhiteTeam "Manchester Manticores 1"]
[BlackTeam "West is Best 2"]

1. e4 e5 2. d4 exd4 3. Qxd4 Nc6 4. Qe3 Nf6 5. Nc3 Bb4 6. Bd2 O-O 7. O-O-O Re8
8. Qg3 Nxe4 9. Nxe4 Rxe4 10. c3 Be7 11. Bd3 Bh4 12. Qf3 Re8 13. Bf4 d6 14. g3
Bf6 15. h4 Ne5 16. Bxe5 Bxe5 17. Qh5 g6 18. Qh6 Bg7 19. Qd2 Qf6 20. h5 Bf5 21.
hxg6 hxg6 22. Bc4 Be6 23. Rh4 Bxc4 24. Rxc4 c6 25. Kb1 d5 26. Rh4 b5 27. f4 b4
28. cxb4 a5 29. Nf3 Re4 30. Ne5 Rxb4 31. Rc1 Rab8 32. Rc2 Qf5 33. Kc1 Bxe5 34.
fxe5 Qf1+ 35. Qd1 Qxd1+ 36. Kxd1 Rxb2 0-1

[Event "4NCL Division 2d"]
[Site "Telford, ENG"]
[Date "2019.05.05"]
[Round "10.75"]
[White "Davies, Matthew"]
[Black "Peacock, Malcolm R"]
[Result "1/2-1/2"]
[WhiteElo "1932"]
[BlackElo "2087"]
[PlyCount "103"]
[EventDate "2019.05.05"]
[WhiteTeam "West is Best 2"]
[BlackTeam "Manchester Manticores 1"]

1. d4 Nf6 2. c4 c5 3. Nf3 cxd4 4. Nxd4 e5 5. Nc2 d5 6. cxd5 Qxd5 7. Qxd5 Nxd5
8. g3 Be6 9. Bg2 Nc6 10. O-O Bc5 11. Rd1 O-O-O 12. Bd2 Nd4 13. Nxd4 Bxd4 14.
Nc3 Nxc3 15. Bxc3 Bxc3 16. bxc3 b6 17. Kf1 Kc7 18. Ke1 a5 19. Be4 Rxd1+ 20.
Kxd1 Rd8+ 21. Ke1 b5 22. a3 Bc4 23. Rd1 Rxd1+ 24. Kxd1 h6 25. h4 Kd6 26. Kd2
Kc5 27. e3 Bf1 28. Kc2 Kc4 29. Bh7 Bg2 30. Bd3+ Kc5 31. Be2 Be4+ 32. Kb2 f6 33.
Bf1 g5 34. Bh3 gxh4 35. gxh4 Kc4 36. Bf1+ Bd3 37. Bh3 Kd5 38. Bg2+ Ke6 39. Bc6
e4 40. a4 bxa4 41. Bxa4 Bc4 42. Be8 Kd6 43. Ka3 Kc5 44. Ka4 Kb6 45. Bd7 Bd5 46.
Bg4 Bc6+ 47. Ka3 Kc5 48. Be2 Bb5 49. Bh5 Kc4 50. Be2+ Kc5 51. Bh5 Kd6 52. Bf7
1/2-1/2

[Event "4NCL Division 2d"]
[Site "Telford, ENG"]
[Date "2019.05.05"]
[Round "10.76"]
[White "Rahulan, Thivyaa"]
[Black "Camp, Imogen A L"]
[Result "1/2-1/2"]
[WhiteElo "1975"]
[BlackElo "1990"]
[PlyCount "57"]
[EventDate "2019.05.05"]
[WhiteTeam "Manchester Manticores 1"]
[BlackTeam "West is Best 2"]

1. e4 e5 2. Nf3 Nc6 3. Bc4 Bc5 4. c3 Nf6 5. d3 d6 6. O-O h6 7. Re1 O-O 8. b4
Bb6 9. a4 a6 10. Be3 Bxe3 11. fxe3 Be6 12. Nbd2 Bxc4 13. Nxc4 Ne7 14. Ncd2 Ng6
15. c4 c6 16. Nb3 d5 17. exd5 cxd5 18. c5 e4 19. Nfd4 Ne5 20. dxe4 dxe4 21. Nc1
Qd5 22. Qc2 Rac8 23. Qe2 a5 24. Nf5 Rc7 25. Rd1 Nd3 26. Nd6 axb4 27. Nxe4 Nxe4
28. Qxd3 Qxd3 29. Nxd3 1/2-1/2

[Event "4NCL Division 2d"]
[Site "Telford, ENG"]
[Date "2019.05.05"]
[Round "10.77"]
[White "Gregory, Andrew M"]
[Black "Niedbal, Piotr"]
[Result "1/2-1/2"]
[WhiteElo "1933"]
[BlackElo "2020"]
[PlyCount "46"]
[EventDate "2019.05.05"]
[WhiteTeam "West is Best 2"]
[BlackTeam "Manchester Manticores 1"]

1. c4 Nf6 2. Nc3 g6 3. g3 Bg7 4. Bg2 O-O 5. Nf3 d6 6. O-O Nc6 7. d4 e5 8. d5
Nb8 9. e4 a5 10. h3 Na6 11. Be3 Nd7 12. Ne1 Ndc5 13. Nd3 b6 14. Nxc5 Nxc5 15.
Bxc5 bxc5 16. a4 f5 17. Nb5 f4 18. g4 Rf7 19. Ra3 Bf8 20. Qf3 Qh4 21. Qe2 h5
22. f3 Qd8 23. Kf2 Qh4+ 1/2-1/2

[Event "4NCL Division 2d"]
[Site "Telford, ENG"]
[Date "2019.05.05"]
[Round "10.78"]
[White "Mulleady, Peter J"]
[Black "Hurley, Jake"]
[Result "1-0"]
[WhiteElo "1990"]
[BlackElo "1855"]
[PlyCount "71"]
[EventDate "2019.05.05"]
[WhiteTeam "Manchester Manticores 1"]
[BlackTeam "West is Best 2"]

1. c4 e5 2. Nc3 Nc6 3. g3 f5 4. Bg2 Nf6 5. e3 Be7 6. d4 d6 7. Nge2 O-O 8. O-O
Qe8 9. Nd5 Bd8 10. Nec3 Nb8 11. b3 Nbd7 12. Ba3 e4 13. Rc1 Nxd5 14. Nxd5 g5 15.
Qe2 c6 16. Nc3 Qg6 17. f3 exf3 18. Bxf3 Bb6 19. Kh1 Re8 20. Bh5 Rxe3 21. Qxe3
Qxh5 22. Qe6+ Kg7 23. Rxf5 Ne5 24. Qf6+ Kg8 25. Rxg5+ Qxg5 26. Qxg5+ Ng6 27. c5
dxc5 28. Bxc5 Bc7 29. d5 Be5 30. Ne4 Kg7 31. Bd6 Bd4 32. Rd1 Bb2 33. Qd2 Bf6
34. Nxf6 Bh3 35. Nh5+ Kg8 36. Qd4 1-0

[Event "4NCL Division 2d"]
[Site "Telford, ENG"]
[Date "2019.05.05"]
[Round "10.81"]
[White "Pye, David E"]
[Black "Bak, Christopher"]
[Result "1-0"]
[WhiteElo "2200"]
[BlackElo "2043"]
[PlyCount "73"]
[EventDate "2019.05.05"]
[WhiteTeam "Wessex A"]
[BlackTeam "Bradford DCA Knights A"]

1. e4 g6 2. d4 Bg7 3. Nc3 d6 4. Bg5 a6 5. Qd2 b5 6. a3 Nd7 7. f4 c5 8. Nf3 Ngf6
9. e5 cxd4 10. Qxd4 Ng4 11. h3 Nh6 12. Qe4 Nb6 13. exd6 Qxd6 14. Bxb5+ axb5 15.
Nxb5 Qc5 16. b4 Bc3+ 17. Nxc3 Qxc3+ 18. Kf2 Nf5 19. g4 O-O 20. gxf5 Bxf5 21.
Qd4 Qxc2+ 22. Kg3 Rfb8 23. Bxe7 Rb7 24. Rhc1 Qb3 25. Rc3 Qe6 26. Re1 Qd5 27.
Bc5 Qxd4 28. Bxd4 Nd5 29. Rc5 Rd7 30. Bb2 Be6 31. Nd4 Nc7 32. Nf3 Kf8 33. Ne5
Rd2 34. Bc3 Rxa3 35. Rxc7 Bd5 36. Nd7+ Kg8 37. Re8# 1-0

[Event "4NCL Division 2d"]
[Site "Telford, ENG"]
[Date "2019.05.05"]
[Round "10.82"]
[White "Eagleton, Greg T"]
[Black "Wilson, Jaimie"]
[Result "0-1"]
[WhiteElo "2068"]
[BlackElo "2109"]
[PlyCount "80"]
[EventDate "2019.05.05"]
[WhiteTeam "Bradford DCA Knights A"]
[BlackTeam "Wessex A"]

1. d4 d5 2. Nf3 c5 3. e3 Nc6 4. c3 e6 5. Bd3 Bd6 6. Nbd2 Nf6 7. O-O O-O 8. Re1
Qc7 9. e4 cxd4 10. cxd4 dxe4 11. Nxe4 Be7 12. Bg5 Nxe4 13. Rxe4 Bxg5 14. Nxg5
h6 15. Qh5 Nb4 16. Re3 Nxd3 17. Rxd3 hxg5 18. Rh3 f6 19. Qh7+ Kf7 20. Qh5+ Kg8
21. Qh7+ Kf7 22. Qh5+ Ke7 23. Qg6 Rg8 24. Rd3 Qd6 25. Re1 Bd7 26. h4 Qd5 27.
hxg5 Qxg5 28. Qe4 Kf7 29. Rg3 Qd5 30. Qg6+ Kf8 31. Qd3 Qa5 32. Rc1 Rc8 33.
Rxc8+ Bxc8 34. Re3 Rh8 35. a3 Qc7 36. Rh3 Rxh3 37. Qxh3 Bd7 38. Qh8+ Kf7 39. d5
Qc1+ 40. Kh2 Qh6+ 0-1

[Event "4NCL Division 2d"]
[Site "Telford, ENG"]
[Date "2019.05.05"]
[Round "10.83"]
[White "Pleasants, Allan J"]
[Black "Nicholson, Jim W R"]
[Result "1/2-1/2"]
[WhiteElo "2075"]
[BlackElo "1992"]
[PlyCount "31"]
[EventDate "2019.05.05"]
[WhiteTeam "Wessex A"]
[BlackTeam "Bradford DCA Knights A"]

1. Nf3 Nf6 2. d4 d5 3. c4 c6 4. Nc3 dxc4 5. a4 Bf5 6. e3 e6 7. Bxc4 Bb4 8. O-O
Nbd7 9. Qe2 Bg6 10. Bd2 O-O 11. Rac1 Qe7 12. Ne5 Nxe5 13. dxe5 Nd5 14. f4 Nxc3
15. Bxc3 Be4 16. Rfd1 1/2-1/2

[Event "4NCL Division 2d"]
[Site "Telford, ENG"]
[Date "2019.05.05"]
[Round "10.84"]
[White "Bak, Andrew"]
[Black "Lukosius, Rolandas"]
[Result "0-1"]
[WhiteElo "1985"]
[BlackElo "2072"]
[PlyCount "72"]
[EventDate "2019.05.05"]
[WhiteTeam "Bradford DCA Knights A"]
[BlackTeam "Wessex A"]

1. e4 c5 2. Nf3 d6 3. d4 Nf6 4. Nc3 cxd4 5. Nxd4 a6 6. Bg5 e6 7. f4 Nc6 8. Nb3
b5 9. e5 dxe5 10. Qf3 Qc7 11. O-O-O e4 12. Nxe4 Nxe4 13. Qxe4 Bb7 14. f5 Nb4
15. Qe2 Rc8 16. c3 Nxa2+ 17. Kb1 Nxc3+ 18. bxc3 Qxc3 19. Ka2 Qb4 20. Qb2 Qa4+
21. Kb1 Ba3 22. Qa2 O-O 23. Bc1 b4 24. Bxa3 bxa3 25. Rd4 Qc6 26. Bd3 Qb6 27.
Qxa3 Rc5 28. Rb4 Qd6 29. Bc2 a5 30. Ra4 Qb6 31. Qb2 Rfc8 32. Nc1 Qc7 33. fxe6
fxe6 34. Re1 Bd5 35. Re2 Rb8 36. Nb3 Bxb3 0-1

[Event "4NCL Division 2d"]
[Site "Telford, ENG"]
[Date "2019.05.05"]
[Round "10.85"]
[White "McDougall, William"]
[Black "Ther, Mate"]
[Result "1/2-1/2"]
[WhiteElo "2068"]
[BlackElo "2012"]
[PlyCount "83"]
[EventDate "2019.05.05"]
[WhiteTeam "Wessex A"]
[BlackTeam "Bradford DCA Knights A"]

1. d4 Nf6 2. c4 e6 3. Nf3 Bb4+ 4. Nbd2 b6 5. a3 Bxd2+ 6. Nxd2 Bb7 7. e3 d6 8.
Bd3 Nbd7 9. O-O O-O 10. b4 c5 11. Bb2 Rc8 12. Rc1 Qe7 13. Qe2 Rfd8 14. Rfd1 e5
15. bxc5 dxc5 16. d5 g6 17. Rf1 Ba6 18. a4 e4 19. Bc2 Ne5 20. Bxe4 Nxe4 21.
Nxe4 f5 22. Nd2 Rxd5 23. f4 Rcd8 24. Bxe5 Rxd2 25. Qe1 Bb7 26. Rf2 Qd7 27. a5
bxa5 28. Rb1 Rd1 29. Rxd1 Qxd1 30. Qxd1 Rxd1+ 31. Rf1 Rxf1+ 32. Kxf1 Ba6 33.
Bd6 Bxc4+ 34. Ke1 Bd5 35. Bxc5 Bxg2 36. h4 Kf7 37. Bxa7 Ke6 38. Kd2 Kd5 39. Kc3
Ke4 40. Kb3 Kf3 41. Bd4 Kg3 42. Bf6 1/2-1/2

[Event "4NCL Division 2d"]
[Site "Telford, ENG"]
[Date "2019.05.05"]
[Round "10.86"]
[White "Jennings, Roger W"]
[Black "Westrap, Christian F"]
[Result "1/2-1/2"]
[WhiteElo "2001"]
[BlackElo "2035"]
[PlyCount "75"]
[EventDate "2019.05.05"]
[WhiteTeam "Bradford DCA Knights A"]
[BlackTeam "Wessex A"]

1. g3 d5 2. Bg2 Nf6 3. Nf3 e6 4. O-O Be7 5. b3 O-O 6. Bb2 c5 7. d4 Nc6 8. e3 b5
9. Ne5 Qb6 10. Nxc6 Qxc6 11. c4 bxc4 12. bxc4 Rb8 13. Ba3 Qa6 14. Bxc5 Bxc5 15.
dxc5 Qxc4 16. Qc1 Ba6 17. Qa3 Bb5 18. Nc3 a6 19. Rfc1 Qg4 20. h3 Qf5 21. Nxb5
axb5 22. Qb2 Ne4 23. Bxe4 dxe4 24. c6 Rfc8 25. c7 Rb7 26. Qd4 Qd5 27. Qxd5 exd5
28. Rc5 Rcxc7 29. Rxd5 g6 30. Rb1 Ra7 31. Rb2 Rcb7 32. Rd4 Re7 33. Rdb4 Re5 34.
Rxb5 Rxb5 35. Rxb5 Rxa2 36. Rb4 f5 37. Rb7 h5 38. h4 1/2-1/2

[Event "4NCL Division 2d"]
[Site "Telford, ENG"]
[Date "2019.05.05"]
[Round "10.87"]
[White "De Coverly, Roger D"]
[Black "Gardiner, Eric D"]
[Result "1-0"]
[WhiteElo "1953"]
[BlackElo "1959"]
[PlyCount "67"]
[EventDate "2019.05.05"]
[WhiteTeam "Wessex A"]
[BlackTeam "Bradford DCA Knights A"]

1. e4 d6 2. d4 Nf6 3. Nc3 e5 4. dxe5 dxe5 5. Qxd8+ Kxd8 6. Bc4 Ke8 7. Nf3 Bd6
8. O-O a6 9. a4 Be6 10. Bxe6 fxe6 11. b3 Nc6 12. Bb2 Ke7 13. Rad1 Rad8 14. h3
Rhg8 15. g3 g5 16. Kg2 h5 17. h4 gxh4 18. Nxh4 Nd4 19. Rd2 Bb4 20. f3 Rg7 21.
Kh2 Rdg8 22. Rg2 Bxc3 23. Bxc3 c5 24. b4 Kd6 25. Rb1 cxb4 26. Bxb4+ Kc7 27. Be1
Kb8 28. c3 Nc6 29. Rgb2 Ka8 30. Rd1 Na5 31. Ng2 Nc4 32. Rb4 Rc8 33. Bf2 Ne8 34.
Rxc4 1-0

[Event "4NCL Division 2d"]
[Site "Telford, ENG"]
[Date "2019.05.05"]
[Round "10.88"]
[White "Patrick, David A"]
[Black "Jaufarally, Nadia"]
[Result "0-1"]
[WhiteElo "1887"]
[BlackElo "1859"]
[PlyCount "84"]
[EventDate "2019.05.05"]
[WhiteTeam "Bradford DCA Knights A"]
[BlackTeam "Wessex A"]

1. e4 c5 2. c3 d5 3. exd5 Qxd5 4. d4 g6 5. Nf3 Bg7 6. dxc5 Qxc5 7. Be3 Qc7 8.
Nd4 a6 9. Qa4+ Bd7 10. Bb5 Nf6 11. Bxd7+ Nbxd7 12. O-O Ng4 13. Nf3 Nxe3 14.
fxe3 O-O 15. Nbd2 Rad8 16. Qh4 Ne5 17. Kh1 Nd3 18. Rab1 Qc5 19. Nd4 e5 20. Ne4
Qd5 21. Nf5 gxf5 22. Rxf5 Nf4 23. Nf6+ Bxf6 24. Qg4+ Bg7 25. exf4 Qe4 26. Rf1
Rd6 27. Rxe5 Qd3 28. Rfe1 Rg6 29. Qe2 Qxe2 30. R5xe2 Rb6 31. g3 Rd8 32. Kg2 Bf6
33. g4 h6 34. Re8+ Rxe8 35. Rxe8+ Kg7 36. Re2 Re6 37. Rd2 Re4 38. Kg3 Rxf4 39.
Rd7 Be5 40. Kh4 Rf2 41. h3 Kg6 42. Rxb7 Rg2 0-1

[Event "4NCL Division 2d"]
[Site "Telford, ENG"]
[Date "2019.05.06"]
[Round "11.51"]
[White "Wheeler, Darren P"]
[Black "Holland, James P"]
[Result "1-0"]
[WhiteElo "2260"]
[BlackElo "2270"]
[PlyCount "121"]
[EventDate "2019.05.06"]
[WhiteTeam "The ADs"]
[BlackTeam "Grantham Sharks 2"]

1. e4 e5 2. Nf3 Nc6 3. Bb5 Nf6 4. O-O Nxe4 5. d4 Nd6 6. Bxc6 dxc6 7. dxe5 Nf5
8. Qxd8+ Kxd8 9. Nc3 Bd7 10. h3 h6 11. g4 Ne7 12. Be3 Nd5 13. Nxd5 cxd5 14.
Rad1 Ke8 15. Kg2 c6 16. Kg3 Be7 17. Nh4 g6 18. f4 h5 19. Ng2 Rg8 20. Bg1 Be6
21. Ne3 Rd8 22. f5 gxf5 23. Nxf5 hxg4 24. hxg4 Kd7 25. Rd4 Bxf5 26. Rxf5 Ke6
27. Rdf4 Rg7 28. Rh5 c5 29. Kf3 Rdg8 30. Bf2 b6 31. b3 Rg6 32. Bh4 Bxh4 33.
Rxh4 R8g7 34. Rh5 d4 35. a4 Rg5 36. Rxg5 Rxg5 37. Rf6+ Ke7 38. Kf4 Rg8 39. Rc6
Rh8 40. Rc7+ Ke6 41. Rxa7 Rh2 42. Rb7 Kd5 43. Rd7+ Ke6 44. Rd6+ Ke7 45. Rxb6
Rxc2 46. a5 c4 47. bxc4 d3 48. Ke3 d2 49. Rd6 Rxc4 50. Kxd2 Re4 51. a6 Rxe5 52.
Rb6 Rg5 53. a7 Ra5 54. Rb7+ Kf6 55. Kc3 Kg6 56. Kb4 Ra1 57. Kc5 f6 58. Kb6 Kg5
59. Rg7+ Kf4 60. Rg8 Rb1+ 61. Kc5 1-0

[Event "4NCL Division 2d"]
[Site "Telford, ENG"]
[Date "2019.05.06"]
[Round "11.52"]
[White "Purton, Ben J"]
[Black "Swindells, Jonathan E"]
[Result "0-1"]
[WhiteElo "2125"]
[BlackElo "2252"]
[PlyCount "98"]
[EventDate "2019.05.06"]
[WhiteTeam "Grantham Sharks 2"]
[BlackTeam "The ADs"]

1. e4 e5 2. Nf3 Nc6 3. d4 exd4 4. Nxd4 Bb4+ 5. c3 Bc5 6. Be3 Bb6 7. g3 Nf6 8.
Bg2 O-O 9. O-O Re8 10. Re1 Ne5 11. h3 d5 12. f4 Nc4 13. e5 Nxe3 14. Rxe3 c5 15.
Nb3 d4 16. Re1 Nd5 17. c4 Ne3 18. Rxe3 dxe3 19. Qe2 Bf5 20. Bd5 Bxh3 21. Nc3
Qd7 22. Qxe3 Be6 23. Qf3 Bxd5 24. Nxd5 Rad8 25. a4 Rc8 26. Nd2 Rc6 27. Ne4 Bd8
28. Rd1 Qh3 29. Nf2 Qf5 30. Ne3 Qc8 31. Ne4 Be7 32. Nd5 Bf8 33. Kg2 Rh6 34. g4
f5 35. gxf5 Qxf5 36. Ne3 Qg6+ 37. Ng3 Qc6 38. Rd5 Qxa4 39. Ng4 Qc2+ 40. Kg1 Rh4
41. b3 h5 42. Ne3 Qh2+ 43. Kf1 Rh3 44. Nef5 h4 45. Nh6+ gxh6 46. Qg4+ Kh8 47.
Nh5 Qh1+ 48. Kf2 Rh2+ 49. Ke3 Qe1+ 0-1

[Event "4NCL Division 2d"]
[Site "Telford, ENG"]
[Date "2019.05.06"]
[Round "11.53"]
[White "Baker, Chris W"]
[Black "Makkar, Rajat"]
[Result "1-0"]
[WhiteElo "2267"]
[BlackElo "2147"]
[PlyCount "71"]
[EventDate "2019.05.06"]
[WhiteTeam "The ADs"]
[BlackTeam "Grantham Sharks 2"]

1. d4 Nf6 2. Nf3 e6 3. c4 c5 4. d5 d6 5. Nc3 exd5 6. cxd5 g6 7. Bf4 Bg7 8. Qa4+
Bd7 9. Qb3 Qc7 10. e4 O-O 11. Nd2 Re8 12. Be2 a6 13. Nc4 Nxe4 14. Nxe4 Rxe4 15.
Bxd6 Qd8 16. Bxc5 Bb5 17. Be3 Bxc4 18. Bxc4 Qa5+ 19. Kf1 b5 20. Bd3 Re8 21. g3
Nd7 22. Kg2 Rxe3 23. fxe3 Qd2+ 24. Kh3 Qxe3 25. Rhe1 Qh6+ 26. Kg2 Ne5 27. Re2
Qh5 28. Rf1 Rd8 29. h3 Qg5 30. Be4 Nc4 31. Qf3 f5 32. Bc2 Nd2 33. Qf4 Qxf4 34.
Rxf4 Rxd5 35. Rff2 Ne4 36. Bb3 {Score sheet unclear} 1-0

[Event "4NCL Division 2d"]
[Site "Telford, ENG"]
[Date "2019.05.06"]
[Round "11.54"]
[White "Bremner, Adam"]
[Black "Richardson, John R"]
[Result "1/2-1/2"]
[WhiteElo "2184"]
[BlackElo "2320"]
[PlyCount "61"]
[EventDate "2019.05.06"]
[WhiteTeam "Grantham Sharks 2"]
[BlackTeam "The ADs"]

1. d4 Nf6 2. Bg5 e6 3. e3 b6 4. Bd3 Bb7 5. Nf3 d5 6. Ne5 Be7 7. Nd2 O-O 8. O-O
Ne4 9. Bxe7 Qxe7 10. f3 Nxd2 11. Qxd2 f6 12. Ng4 c5 13. c3 Nc6 14. Rfe1 Rad8
15. Rad1 e5 16. Qc2 g6 17. e4 c4 18. Bf1 dxe4 19. fxe4 exd4 20. cxd4 Rxd4 21.
Rxd4 Nxd4 22. Qxc4+ Ne6 23. e5 f5 24. Nf6+ Kg7 25. b4 Rd8 26. Qh4 h6 27. Nh5+
Kf7 28. Nf6 Kg7 29. Nh5+ Kf7 30. Nf6 Kg7 31. Nh5+ 1/2-1/2

[Event "4NCL Division 2d"]
[Site "Telford, ENG"]
[Date "2019.05.06"]
[Round "11.55"]
[White "Duggan, John E"]
[Black "Cumbers, Paul"]
[Result "1-0"]
[WhiteElo "2222"]
[BlackElo "2100"]
[PlyCount "121"]
[EventDate "2019.05.06"]
[WhiteTeam "The ADs"]
[BlackTeam "Grantham Sharks 2"]

1. d4 f5 2. e4 fxe4 3. Nc3 Nf6 4. Bg5 Nc6 5. d5 Ne5 6. Qd4 Nf7 7. Bxf6 exf6 8.
Nxe4 d6 9. Bb5+ Bd7 10. Bxd7+ Qxd7 11. Ne2 Be7 12. N4g3 O-O 13. O-O c5 14. Qe4
Rfe8 15. Nf4 Bf8 16. Qd3 Ne5 17. Qe4 g6 18. Ne6 f5 19. Qe2 Bh6 20. a4 Re7 21.
Rfe1 Rae8 22. Kf1 Qc8 23. c4 Rf7 24. f4 Ng4 25. Qd2 Nxh2+ 26. Kg1 Ng4 27. Re2
Bg7 28. Rae1 Rfe7 29. Qd3 Qd7 30. b3 Kh8 31. Nf1 Bf6 32. Nd2 Rg8 33. Nf3 h6 34.
Nh2 Rh7 35. Nxg4 fxg4 36. Re4 h5 37. Qe2 Qf7 38. Rf1 g3 39. Ng5 Bxg5 40. fxg5
Qg7 41. Rf6 h4 42. Qe3 h3 43. Qxg3 hxg2 44. Rh4 Re8 45. Qh3 Rxh4 46. Qxh4+ Kg8
47. Qh6 Qxh6 48. gxh6 Kh7 49. Rxd6 Re7 50. Re6 Rd7 51. Kxg2 Kxh6 52. Kf3 Rf7+
53. Ke4 Rf1 54. Ke5 Kg5 55. Kd6 b6 56. Ke7 Rd1 57. d6 Kf5 58. d7 g5 59. Rd6 Rh1
60. Rf6+ Ke5 61. d8=Q 1-0

[Event "4NCL Division 2d"]
[Site "Telford, ENG"]
[Date "2019.05.06"]
[Round "11.56"]
[White "Birtwistle, Nigel"]
[Black "Snape, Ian L"]
[Result "1/2-1/2"]
[WhiteElo "2144"]
[BlackElo "2170"]
[PlyCount "73"]
[EventDate "2019.05.06"]
[WhiteTeam "Grantham Sharks 2"]
[BlackTeam "The ADs"]

1. e4 c5 2. c3 d6 3. Nf3 Nf6 4. d3 Nbd7 5. g3 b6 6. Bg2 Bb7 7. O-O g6 8. h3 Bg7
9. Be3 O-O 10. Qd2 Qc7 11. c4 a6 12. Nc3 e6 13. Bh6 Ne5 14. Bxg7 Nxf3+ 15. Bxf3
Kxg7 16. Bg2 d5 17. cxd5 exd5 18. Nxd5 Nxd5 19. exd5 Rad8 20. Qc3+ Kg8 21. d4
Bxd5 22. dxc5 Bxg2 23. Kxg2 bxc5 24. Rac1 Qb7+ 25. Kg1 Rc8 26. b3 Qb4 27. Qxb4
cxb4 28. Rfd1 a5 29. Rxc8 Rxc8 30. Rd5 Ra8 31. Rb5 Ra6 32. Kf1 Kg7 33. Ke2 h5
34. h4 Kf6 35. Kd3 Ke6 36. f3 Ra8 37. Ke3 {Scoresheet unclear} 1/2-1/2

[Event "4NCL Division 2d"]
[Site "Telford, ENG"]
[Date "2019.05.06"]
[Round "11.57"]
[White "Hylands, Liam M"]
[Black "Milson, Samuel A"]
[Result "0-1"]
[WhiteElo "2080"]
[BlackElo "2100"]
[PlyCount "116"]
[EventDate "2019.05.06"]
[WhiteTeam "The ADs"]
[BlackTeam "Grantham Sharks 2"]

1. e4 e6 2. d4 d5 3. e5 c5 4. c3 Qb6 5. a3 Nc6 6. Nf3 cxd4 7. cxd4 Nh6 8. Bd3
Nf5 9. Bxf5 exf5 10. Nc3 Be6 11. O-O Rc8 12. Na4 Qb5 13. Bd2 Be7 14. Rc1 O-O
15. b4 a5 16. bxa5 Nxa5 17. Rb1 Qa6 18. Bb4 Bxb4 19. axb4 Nc4 20. Nc5 Qc6 21.
b5 Qc7 22. Qb3 b6 23. Na6 Qd7 24. Rfd1 h6 25. h4 f4 26. Nd2 Bg4 27. Nf3 Na5 28.
Qa3 Rc4 29. Qd6 Qxd6 30. exd6 Bxf3 31. gxf3 Rd8 32. Rbc1 Rxd6 33. Rxc4 Nxc4 34.
Nb4 Na3 35. Nd3 g5 36. hxg5 hxg5 37. Kf1 Nxb5 38. Nb4 Rd7 39. Rd2 Kf8 40. Ke2
Ke7 41. Kd3 Kd6 42. Rb2 Na3 43. Na2 Nc4 44. Rb5 Ra7 45. Nc3 Ra5 46. Rb1 Ra3 47.
Kc2 Kc6 48. Rh1 Ra8 49. Kd3 Nd6 50. Rc1 Ra3 51. Kd2 Nc4+ 52. Kc2 b5 53. Rb1 Nd6
54. Kb2 b4 55. Nd1 Rxf3 56. Kc2 Kb5 57. Kd2 Ne4+ 58. Ke2 Rxf2+ 0-1

[Event "4NCL Division 2d"]
[Site "Telford, ENG"]
[Date "2019.05.06"]
[Round "11.58"]
[White "Murphy, Hugh W"]
[Black "Ahluwalia, Amardip"]
[Result "1-0"]
[WhiteElo "2102"]
[BlackElo "2132"]
[PlyCount "63"]
[EventDate "2019.05.06"]
[WhiteTeam "Grantham Sharks 2"]
[BlackTeam "The ADs"]

1. d4 Nf6 2. Nf3 d5 3. e3 Bf5 4. c4 c6 5. cxd5 cxd5 6. Nc3 e6 7. Ne5 Nbd7 8. g4
Bg6 9. h4 h6 10. Nxg6 fxg6 11. Bd3 Kf7 12. Qf3 Bb4 13. Bd2 g5 14. hxg5 hxg5 15.
O-O-O Qb6 16. Kb1 Rac8 17. Rxh8 Rxh8 18. e4 Qxd4 19. Nb5 Qc5 20. Bxb4 Qxb4 21.
exd5 exd5 22. Qf5 Re8 23. a3 Qf8 24. f4 Kg8 25. Qxg5 Nc5 26. Bg6 Rd8 27. Rh1
Qe7 28. Nd4 Qe3 29. Qh4 Kf8 30. Nf5 Qd3+ 31. Ka1 Rd7 32. Qxf6+ 1-0

[Event "4NCL Division 2d"]
[Site "Telford, ENG"]
[Date "2019.05.06"]
[Round "11.61"]
[White "Pitcher, John"]
[Black "Milliet, Sophie"]
[Result "0-1"]
[WhiteElo "2261"]
[BlackElo "2394"]
[PlyCount "108"]
[EventDate "2019.05.06"]
[WhiteTeam "Warwickshire Select 1"]
[BlackTeam "Guildford 3"]

1. e4 c5 2. Nf3 Nc6 3. Bb5 d6 4. O-O Bd7 5. Re1 Nf6 6. c3 a6 7. Bf1 Bg4 8. d3
e6 9. Nbd2 Be7 10. h3 Bh5 11. a3 d5 12. exd5 Nxd5 13. Ne4 O-O 14. Ng3 Bg6 15.
d4 cxd4 16. Nxd4 Nxd4 17. Qxd4 Rc8 18. Qg4 Qb6 19. Qe2 Bd6 20. Ne4 Bb8 21. c4
Ne7 22. Bg5 Nf5 23. Rad1 Nd4 24. Qd3 Qc7 25. Qg3 Qxg3 26. Nxg3 Nc2 27. Re2 f6
28. Bc1 e5 29. Red2 Nd4 30. Ne2 Nb3 31. Rd7 Bc2 32. Re1 Nc5 33. Rd2 Nd3 34.
Rxc2 Nxe1 35. Rc3 e4 36. Nf4 Be5 37. Rb3 Nd3 38. Nxd3 exd3 39. Rxd3 Rxc4 40.
Be3 Rc2 41. b4 g5 42. g3 Rc3 43. Rd7 Rf7 44. Rd8+ Kg7 45. a4 Bxg3 46. Bd4 Bc7
47. Rd5 Rc1 48. Rxg5+ Kf8 49. Bc5+ Ke8 50. Rg8+ Kd7 51. Kg2 Bd6 52. Be3 Rc8 53.
Rg4 f5 54. Rd4 f4 0-1

[Event "4NCL Division 2d"]
[Site "Telford, ENG"]
[Date "2019.05.06"]
[Round "11.62"]
[White "Kilpatrick, Callum"]
[Black "Holt, Philip J"]
[Result "1-0"]
[WhiteElo "2346"]
[BlackElo "2218"]
[PlyCount "101"]
[EventDate "2019.05.06"]
[WhiteTeam "Guildford 3"]
[BlackTeam "Warwickshire Select 1"]

1. e4 d6 2. d4 Nf6 3. Nc3 c6 4. Nf3 Bg4 5. Be2 e6 6. O-O Be7 7. Be3 O-O 8. h3
Bxf3 9. Bxf3 d5 10. Qd3 a6 11. a4 a5 12. exd5 cxd5 13. Nb5 Qd7 14. b3 Na6 15.
c4 b6 16. Rfc1 Nb4 17. Qe2 Rac8 18. Bf4 Rfd8 19. Rc3 Bf8 20. Rac1 Be7 21. Rd1
h6 22. Be5 Nc6 23. Rdc1 Ne8 24. cxd5 exd5 25. Bg4 f5 26. Bxf5 Qxf5 27. Rxc6 Bg5
28. Rxc8 Rxc8 29. Rxc8 Qxc8 30. Qf3 Qe6 31. Nc3 Nf6 32. Bxf6 Qe1+ 33. Kh2 Bxf6
34. Qxd5+ Kh8 35. Qa8+ Kh7 36. Qf3 Kh8 37. Qa8+ Kh7 38. Qf3 Kh8 39. Qe3 Qa1 40.
Ne2 Qd1 41. g3 Qf1 42. d5 Qd1 43. Qf3 Be7 44. Kg2 Bc5 45. Nf4 Qd2 46. Ne6 Bd6
47. h4 Kg8 48. h5 Be7 49. Nf4 Bf6 50. Ng6 Kf7 51. Qe4 1-0

[Event "4NCL Division 2d"]
[Site "Telford, ENG"]
[Date "2019.05.06"]
[Round "11.64"]
[White "Golding, Alex"]
[Black "Fallowfield, Jeremy R"]
[Result "0-1"]
[WhiteElo "2222"]
[BlackElo "2134"]
[PlyCount "74"]
[EventDate "2019.05.06"]
[WhiteTeam "Guildford 3"]
[BlackTeam "Warwickshire Select 1"]

1. d4 g6 2. e4 Bg7 3. c4 d6 4. Nc3 Nf6 5. Be2 O-O 6. Nf3 Nbd7 7. O-O e5 8. d5
Nc5 9. Qc2 a5 10. b3 Bd7 11. Bg5 h6 12. Bh4 g5 13. Bg3 Nfxe4 14. Nxe4 Nxe4 15.
Qxe4 f5 16. Qe3 f4 17. Qd2 fxg3 18. hxg3 g4 19. Nh2 h5 20. Rae1 Qf6 21. Bd3 Bh6
22. Qc2 Qg5 23. Re2 b6 24. Be4 Rf6 25. Rfe1 h4 26. Qc3 Kg7 27. gxh4 Qxh4 28. g3
Qh5 29. f4 exf4 30. Bc2 Raf8 31. gxf4 Bxf4 32. Rg2 Be5 33. Qd2 g3 34. Qe3 Kh8
35. Nf1 Bh3 36. Nxg3 Qh4 37. Ree2 Bd4 0-1

[Event "4NCL Division 2d"]
[Site "Telford, ENG"]
[Date "2019.05.06"]
[Round "11.65"]
[White "Mason, Donald J"]
[Black "Ciuksyte, Dagne"]
[Result "1/2-1/2"]
[WhiteElo "2065"]
[BlackElo "2299"]
[PlyCount "63"]
[EventDate "2019.05.06"]
[WhiteTeam "Warwickshire Select 1"]
[BlackTeam "Guildford 3"]

1. e4 c5 2. Nf3 e6 3. d4 cxd4 4. Nxd4 a6 5. Nc3 b5 6. Bd3 Qb6 7. Nf3 Nc6 8. O-O
d6 9. Qe2 Nf6 10. Bd2 Be7 11. a4 b4 12. a5 Nxa5 13. Na4 Qb7 14. Nc5 dxc5 15.
Rxa5 c4 16. Bxc4 Nxe4 17. Rfa1 Nxd2 18. Nxd2 O-O 19. Bd3 Bd7 20. Rh5 g6 21. Rh3
Bc6 22. Nc4 Bd5 23. Na5 Qc7 24. Qe3 f5 25. Nb3 Bf6 26. Qh6 Qg7 27. Qf4 Bxb2 28.
Ra2 Bc3 29. Ra5 Qb7 30. Bc4 Bxg2 31. Bxe6+ Kh8 32. Rd3 1/2-1/2